000 00596nam a2200229Ia 4500
003 OSt
005 20220924143323.0
006 a|||||r|||| 00| 0
007 ta
008 220923b |||||||| |||| 00| 0 urd d
024 _a307779
037 _cTextual
040 _aARTS
_cARTS
_burd
041 _2urd
_aurd
082 _aBp44Q7.N69, 168K9
100 _aSayeed Mohmmad
_9215446
245 0 _aMaqalate - ibn - e - al - haisam
260 _c1969
650 _aMATHEMATICS
_92141
942 _hBp44Q7.N69, 168K9
_cTEXL
_2CC
999 _c454087
_d454087